[Event "46th Greek Team Championship"]
[Site "chess24.com"]
[Date "2018.07.12"]
[Round "4"]
[White "Grigoriadis, Mihail"]
[Black "Korniotis, Filippos"]
[Result "0-1"]
[Board "8"]
[WhiteElo "2236"]
[WhiteCountry "GRE"]
[WhiteFideId "4231996"]
[WhiteEloChange "-12"]
[BlackElo "2163"]
[BlackCountry "GRE"]
[BlackFideId "4236912"]
[BlackEloChange "12"]

1. d4 {[%clk 1:19:38]} Nf6 {[%clk 1:30:50]} 2. Bf4 {[%clk 1:20:05]} g6 {[%clk
1:30:38]} 3. Nc3 {[%clk 1:20:30]} d5 {[%clk 1:31:00]} 4. e3 {[%clk 1:20:56]} Bg7
{[%clk 1:31:14]} 5. h4 {[%clk 1:21:22]} h5 {[%clk 1:21:44]} 6. Nb5 {[%clk
1:17:48]} Na6 {[%clk 1:20:44]} 7. Be2 {[%clk 1:18:14]} c6 {[%clk 1:01:15]} 8. Nc3
{[%clk 1:18:33]} c5 {[%clk 1:01:39]} 9. Nf3 {[%clk 1:15:47]} Bf5 {[%clk 0:45:43]}
10. O-O {[%clk 1:06:47]} O-O {[%clk 0:44:38]} 11. Ne5 {[%clk 1:04:43]} Nb4 {[%clk
0:41:08]} 12. Rc1 {[%clk 0:50:01]} Rc8 {[%clk 0:41:29]} 13. a3 {[%clk 0:46:39]}
Na6 {[%clk 0:31:01]} 14. f3 {[%clk 0:30:03]} cxd4 {[%clk 0:27:58]} 15. exd4
{[%clk 0:30:25]} Qb6 {[%clk 0:27:01]} 16. Na4 {[%clk 0:30:40]} Qa5 {[%clk
0:25:16]} 17. c3 {[%clk 0:30:47]} b5 {[%clk 0:19:11]} 18. b4 {[%clk 0:29:18]}
Nxb4 {[%clk 0:16:40]} 19. axb4 {[%clk 0:27:16]} Qxa4 {[%clk 0:17:05]} 20. Qxa4
{[%clk 0:25:50]} bxa4 {[%clk 0:17:33]} 21. Ba6 {[%clk 0:25:34]} Ra8 {[%clk
0:11:59]} 22. Nc6 {[%clk 0:20:09]} Kh7 {[%clk 0:10:48]} 23. Bb7 {[%clk 0:18:13]}
Rae8 {[%clk 0:09:33]} 24. Nxa7 {[%clk 0:16:54]} Bh6 {[%clk 0:08:44]} 25. Bxh6
{[%clk 0:17:07]} Kxh6 {[%clk 0:09:13]} 26. Nc6 {[%clk 0:15:35]} Nd7 {[%clk
0:08:20]} 27. Rfe1 {[%clk 0:09:28]} e6 {[%clk 0:08:48]} 28. Na5 {[%clk 0:08:50]}
Nb6 {[%clk 0:08:37]} 29. Bc6 {[%clk 0:09:07]} Rc8 {[%clk 0:08:38]} 30. Re2 {[%clk
0:07:50]} Rc7 {[%clk 0:08:40]} 31. Ra2 {[%clk 0:07:12]} Rfc8 {[%clk 0:08:46]} 32.
b5 {[%clk 0:07:13]} Rb8 {[%clk 0:07:35]} 33. c4 {[%clk 0:04:33]} Ra7 {[%clk
0:06:53]} 34. c5 {[%clk 0:04:04]} Rxa5 {[%clk 0:07:06]} 35. cxb6 {[%clk 0:04:28]}
Rxb6 {[%clk 0:07:35]} 36. Rc3 {[%clk 0:03:59]} e5 {[%clk 0:03:41]} 37. dxe5
{[%clk 0:03:29]} d4 {[%clk 0:04:10]} 38. Rca3 {[%clk 0:02:51]} d3 {[%clk
0:04:39]} 39. Kf2 {[%clk 0:02:38]} Be6 {[%clk 0:05:05]} 40. Rxa4 {[%clk 0:32:39]}
d2 {[%clk 0:35:13]} 41. Rxa5 {[%clk 0:28:21]} d1Q {[%clk 0:35:34]} 42. R2a3
{[%clk 0:28:44]} Qd4+ {[%clk 0:35:49]} 43. Kg3 {[%clk 0:29:02]} Qxe5+ {[%clk
0:36:10]} 44. Kf2 {[%clk 0:29:27]} Bc4 {[%clk 0:35:55]} 45. R3a4 {[%clk 0:25:52]}
Qe2+ {[%clk 0:36:15]} 46. Kg3 {[%clk 0:26:16]} Qe1+ {[%clk 0:31:55]} 47. Kh3
{[%clk 0:26:04]} Qh1+ {[%clk 0:32:14]} 48. Kg3 {[%clk 0:26:28]} Qe1+ {[%clk
0:30:30]} 49. Kh3 {[%clk 0:26:06]} Be6+ {[%clk 0:23:31]} 50. Kh2 {[%clk 0:26:20]}
Bb3 {[%clk 0:22:52]} 51. Ra1 {[%clk 0:25:38]} Qxh4+ {[%clk 0:23:15]} 52. Kg1
{[%clk 0:26:04]} Bd5 {[%clk 0:18:41]} 53. Bxd5 {[%clk 0:25:32]} Qd4+ {[%clk
0:19:05]} 54. Kh1 {[%clk 0:25:59]} Qxd5 {[%clk 0:19:30]} 55. R1a4 {[%clk
0:24:50]} Rxb5 {[%clk 0:19:15]} 56. Rxb5 {[%clk 0:25:15]} Qxb5 {[%clk 0:19:41]}
57. Re4 {[%clk 0:25:39]} Qf1+ {[%clk 0:19:48]} 58. Kh2 {[%clk 0:26:03]} Qf2
{[%clk 0:19:56]} 59. Rc4 {[%clk 0:26:19]} h4 {[%clk 0:19:56]} 60. Re4 {[%clk
0:26:43]} Qg3+ {[%clk 0:20:11]} 0-1

[Event "46th Greek Team Championship"]
[Site "chess24.com"]
[Date "2018.07.12"]
[Round "4"]
[White "Panagiotakopoulos, Gerasimos"]
[Black "Maier, Christian"]
[Result "0-1"]
[Board "3"]
[WhiteElo "2165"]
[WhiteCountry "GRE"]
[WhiteFideId "4210778"]
[WhiteEloChange "-5"]
[BlackElo "2378"]
[BlackTitle "IM"]
[BlackCountry "GER"]
[BlackFideId "4601955"]
[BlackEloChange "5"]

1. e4 {[%clk 1:30:57]} e6 {[%clk 1:29:34]} 2. d4 {[%clk 1:31:19]} d5 {[%clk
1:29:59]} 3. Nc3 {[%clk 1:31:47]} Bb4 {[%clk 1:30:24]} 4. e5 {[%clk 1:32:13]} Ne7
{[%clk 1:30:46]} 5. Bd2 {[%clk 1:32:36]} Nf5 {[%clk 1:29:12]} 6. Bd3 {[%clk
1:23:03]} Nc6 {[%clk 1:23:54]} 7. Nf3 {[%clk 1:20:28]} Nh4 {[%clk 1:17:09]} 8.
Nxh4 {[%clk 1:02:04]} Qxh4 {[%clk 1:17:33]} 9. Nb5 {[%clk 1:02:29]} Qe7 {[%clk
1:09:47]} 10. c3 {[%clk 1:00:34]} Ba5 {[%clk 1:09:40]} 11. O-O {[%clk 0:58:30]}
Bd7 {[%clk 1:08:38]} 12. Na3 {[%clk 0:47:26]} O-O-O {[%clk 1:06:37]} 13. Nc2
{[%clk 0:47:01]} Bb6 {[%clk 1:04:45]} 14. b4 {[%clk 0:41:01]} f6 {[%clk 1:04:04]}
15. a4 {[%clk 0:40:13]} a5 {[%clk 1:03:44]} 16. b5 {[%clk 0:40:35]} Na7 {[%clk
1:01:18]} 17. f4 {[%clk 0:34:50]} Be8 {[%clk 1:00:42]} 18. exf6 {[%clk 0:31:57]}
gxf6 {[%clk 1:00:29]} 19. Kh1 {[%clk 0:28:18]} Kb8 {[%clk 0:59:05]} 20. Qe2
{[%clk 0:27:50]} Bf7 {[%clk 0:54:18]} 21. c4 {[%clk 0:25:21]} dxc4 {[%clk
0:53:57]} 22. Bxc4 {[%clk 0:25:50]} Nc8 {[%clk 0:53:56]} 23. Bc3 {[%clk 0:20:09]}
Rhe8 {[%clk 0:50:17]} 24. Qe1 {[%clk 0:18:02]} Bg6 {[%clk 0:50:03]} 25. Rc1
{[%clk 0:16:08]} Nd6 {[%clk 0:46:42]} 26. Be2 {[%clk 0:15:31]} Bxc2 {[%clk
0:43:34]} 27. Rxc2 {[%clk 0:16:00]} Nf5 {[%clk 0:43:55]} 28. Bf3 {[%clk 0:15:59]}
Nxd4 {[%clk 0:42:30]} 29. Qe4 {[%clk 0:11:01]} Nxf3 {[%clk 0:42:18]} 30. Qxf3
{[%clk 0:11:27]} e5 {[%clk 0:40:59]} 31. Qe4 {[%clk 0:11:21]} Qe6 {[%clk
0:29:23]} 32. Re1 {[%clk 0:09:25]} f5 {[%clk 0:24:07]} 33. Qe2 {[%clk 0:07:24]}
e4 {[%clk 0:24:08]} 34. Be5 {[%clk 0:07:06]} Rd3 {[%clk 0:18:16]} 35. Rec1 {[%clk
0:06:47]} Re7 {[%clk 0:18:41]} 36. h3 {[%clk 0:05:03]} Red7 {[%clk 0:15:59]} 37.
Kh2 {[%clk 0:03:31]} Qb3 {[%clk 0:15:43]} 38. Qh5 {[%clk 0:03:30]} Qe6 {[%clk
0:14:42]} 39. Qe2 {[%clk 0:02:55]} Qg6 {[%clk 0:14:03]} 40. Qe1 {[%clk 0:32:36]}
h5 {[%clk 0:37:42]} 41. Qh4 {[%clk 0:25:14]} e3 {[%clk 0:29:42]} 42. Re2 {[%clk
0:16:24]} Rd2 {[%clk 0:29:40]} 43. Rce1 {[%clk 0:16:21]} Ka7 {[%clk 0:29:05]} 44.
Qg5 {[%clk 0:16:14]} Qf7 {[%clk 0:29:19]} 45. Bc3 {[%clk 0:12:42]} R2d3 {[%clk
0:29:26]} 46. Bf6 {[%clk 0:12:40]} R7d6 {[%clk 0:29:40]} 47. Be5 {[%clk 0:12:51]}
Rg6 {[%clk 0:29:26]} 48. Qh4 {[%clk 0:13:06]} Rg8 {[%clk 0:29:37]} 49. Rc1 {[%clk
0:13:14]} Rd2 {[%clk 0:29:45]} 50. Qe1 {[%clk 0:13:25]} Qd5 {[%clk 0:30:10]} 51.
Qf1 {[%clk 0:13:09]} Kb8 {[%clk 0:25:08]} 52. Rc2 {[%clk 0:12:53]} Qd3 {[%clk
0:19:52]} 53. Rb2 {[%clk 0:10:20]} Rd1 {[%clk 0:16:49]} 54. Qf3 {[%clk 0:10:33]}
h4 {[%clk 0:16:07]} 55. Rbc2 {[%clk 0:08:35]} Rb1 {[%clk 0:14:58]} 56. Bc3 {[%clk
0:08:55]} Ka7 {[%clk 0:13:24]} 0-1

[Event "46th Greek Team Championship"]
[Site "chess24.com"]
[Date "2018.07.12"]
[Round "4"]
[White "Galanakis, Nikolaos"]
[Black "Sourgkounis, Angelos"]
[Result "0-1"]
[Board "4"]
[WhiteElo "1579"]
[WhiteCountry "GRE"]
[WhiteFideId "25800744"]
[WhiteEloChange "-2"]
[BlackElo "1976"]
[BlackCountry "GRE"]
[BlackFideId "4216962"]
[BlackEloChange "2"]

1. e4 {[%clk 1:30:59]} Nf6 {[%clk 1:21:19]} 2. e5 {[%clk 1:31:24]} Nd5 {[%clk
1:21:45]} 3. d4 {[%clk 1:31:48]} d6 {[%clk 1:22:12]} 4. c4 {[%clk 1:32:15]} Nb6
{[%clk 1:22:40]} 5. exd6 {[%clk 1:32:32]} cxd6 {[%clk 1:22:23]} 6. Bd3 {[%clk
1:32:50]} g6 {[%clk 1:22:06]} 7. Nc3 {[%clk 1:33:10]} Bg7 {[%clk 1:22:30]} 8.
Nge2 {[%clk 1:33:33]} O-O {[%clk 1:22:00]} 9. O-O {[%clk 1:33:35]} Nc6 {[%clk
1:21:03]} 10. Be3 {[%clk 1:33:49]} Nb4 {[%clk 1:20:34]} 11. b3 {[%clk 1:30:28]}
Nxd3 {[%clk 1:20:56]} 12. Qxd3 {[%clk 1:30:51]} Nd7 {[%clk 1:20:30]} 13. Rac1
{[%clk 1:27:00]} Nf6 {[%clk 1:18:01]} 14. f3 {[%clk 1:26:51]} Bf5 {[%clk
1:12:56]} 15. Qd2 {[%clk 1:26:34]} Re8 {[%clk 1:12:48]} 16. Ng3 {[%clk 1:24:18]}
Bc8 {[%clk 1:09:11]} 17. Rfd1 {[%clk 1:22:20]} a6 {[%clk 1:05:37]} 18. b4 {[%clk
1:14:42]} d5 {[%clk 1:03:18]} 19. c5 {[%clk 1:14:31]} h5 {[%clk 1:03:26]} 20. a4
{[%clk 1:00:02]} h4 {[%clk 1:02:19]} 21. Nge2 {[%clk 0:59:48]} Nh5 {[%clk
0:59:24]} 22. Nf4 {[%clk 0:59:15]} Nxf4 {[%clk 0:58:37]} 23. Bxf4 {[%clk
0:59:44]} Bf5 {[%clk 0:55:38]} 24. b5 {[%clk 0:56:11]} Qd7 {[%clk 0:52:21]} 25.
Qb2 {[%clk 0:51:06]} f6 {[%clk 0:51:47]} 26. Qb3 {[%clk 0:48:16]} Be6 {[%clk
0:41:45]} 27. Na2 {[%clk 0:42:23]} axb5 {[%clk 0:39:20]} 28. axb5 {[%clk
0:42:41]} g5 {[%clk 0:39:05]} 29. Be3 {[%clk 0:42:00]} Rec8 {[%clk 0:37:13]} 30.
Nb4 {[%clk 0:42:07]} Qxb5 {[%clk 0:36:57]} 31. Bd2 {[%clk 0:37:11]} Bf7 {[%clk
0:35:48]} 32. Qe3 {[%clk 0:30:19]} Qd7 {[%clk 0:33:01]} 33. Re1 {[%clk 0:28:59]}
Re8 {[%clk 0:29:51]} 34. c6 {[%clk 0:28:08]} bxc6 {[%clk 0:30:07]} 35. Nxc6
{[%clk 0:28:36]} e6 {[%clk 0:29:36]} 36. Rc3 {[%clk 0:21:46]} Bf8 {[%clk
0:27:11]} 37. Rec1 {[%clk 0:21:18]} Bd6 {[%clk 0:27:23]} 38. Ne5 {[%clk 0:17:20]}
Qe7 {[%clk 0:23:39]} 39. Nxf7 {[%clk 0:17:30]} Qxf7 {[%clk 0:23:52]} 40. Rc6
{[%clk 0:47:51]} Qd7 {[%clk 0:53:17]} 41. Qd3 {[%clk 0:45:00]} Kg7 {[%clk
0:51:50]} 42. Qb5 {[%clk 0:44:42]} Re7 {[%clk 0:47:28]} 43. Qb3 {[%clk 0:40:02]}
Ra7 {[%clk 0:46:37]} 44. Qb6 {[%clk 0:37:57]} Rb7 {[%clk 0:43:50]} 45. Qa6 {[%clk
0:37:36]} Bb8 {[%clk 0:43:45]} 46. Re1 {[%clk 0:28:53]} Ba7 {[%clk 0:38:46]} 47.
Bc3 {[%clk 0:26:15]} Kf7 {[%clk 0:32:17]} 48. Rd6 {[%clk 0:24:25]} Qc8 {[%clk
0:29:13]} 49. Rc6 {[%clk 0:19:42]} Qd7 {[%clk 0:24:24]} 50. Rd6 {[%clk 0:13:15]}
Qb5 {[%clk 0:24:44]} 51. Qa2 {[%clk 0:10:43]} Qb3 {[%clk 0:24:02]} 52. Qd2 {[%clk
0:10:40]} Qa3 {[%clk 0:20:46]} 53. Rc6 {[%clk 0:08:45]} Qa4 {[%clk 0:20:01]} 54.
Rc8 {[%clk 0:07:37]} Rbc7 {[%clk 0:18:59]} 55. Rxc7 {[%clk 0:06:41]} Rxc7 {[%clk
0:19:25]} 56. Qe3 {[%clk 0:05:16]} e5 {[%clk 0:16:54]} 57. Ra1 {[%clk 0:02:41]}
Qb3 {[%clk 0:12:25]} 58. Rxa7 {[%clk 0:02:58]} Rxa7 {[%clk 0:12:46]} 59. dxe5
{[%clk 0:03:10]} Ra1+ {[%clk 0:13:00]} 60. Kf2 {[%clk 0:03:28]} Ra2+ {[%clk
0:13:04]} 61. Kf1 {[%clk 0:00:34]} Ra1+ {[%clk 0:09:02]} 62. Kf2 {[%clk 0:00:57]}
Qc2+ {[%clk 0:09:14]} 63. Bd2 {[%clk 0:00:34]} Ra2 {[%clk 0:06:54]} 64. Ke2
{[%clk 0:00:33]} Qc4+ {[%clk 0:05:03]} 65. Qd3 {[%clk 0:00:35]} Qxd3+ {[%clk
0:04:29]} 66. Kxd3 {[%clk 0:01:03]} fxe5 {[%clk 0:02:03]} 67. Bxg5 {[%clk
0:01:24]} Rxg2 {[%clk 0:02:25]} 68. Bxh4 {[%clk 0:01:49]} Rxh2 {[%clk 0:02:46]}
69. Bg3 {[%clk 0:02:18]} Rh5 {[%clk 0:03:08]} 70. Ke3 {[%clk 0:02:21]} Ke6 {[%clk
0:03:26]} 71. Bf2 {[%clk 0:02:30]} Kf5 {[%clk 0:03:51]} 72. Bg3 {[%clk 0:02:54]}
Rh3 {[%clk 0:04:01]} 73. Bf2 {[%clk 0:03:19]} e4 {[%clk 0:04:26]} 0-1

[Event "46th Greek Team Championship"]
[Site "chess24.com"]
[Date "2018.07.12"]
[Round "4"]
[White "Violakis, Anastasios"]
[Black "Makridis, Dimitrios"]
[Result "1-0"]
[Board "10"]
[WhiteElo "1255"]
[WhiteCountry "GRE"]
[WhiteFideId "25840070"]
[WhiteEloChange "17"]
[BlackElo "1565"]
[BlackCountry "GRE"]
[BlackFideId "25864475"]
[BlackEloChange "-17"]

1. d4 {[%clk 1:30:48]} d5 {[%clk 1:30:47]} 2. c4 {[%clk 1:31:12]} e6 {[%clk
1:31:09]} 3. Nc3 {[%clk 1:31:25]} Nf6 {[%clk 1:31:35]} 4. cxd5 {[%clk 1:31:41]}
exd5 {[%clk 1:32:00]} 5. Bg5 {[%clk 1:32:05]} Nbd7 {[%clk 1:32:23]} 6. Nf3 {[%clk
1:32:23]} c6 {[%clk 1:32:49]} 7. e3 {[%clk 1:32:49]} Bd6 {[%clk 1:32:46]} 8. Bd3
{[%clk 1:33:11]} O-O {[%clk 1:33:03]} 9. Qc2 {[%clk 1:33:00]} h6 {[%clk 1:33:28]}
10. Bh4 {[%clk 1:33:03]} Re8 {[%clk 1:31:23]} 11. O-O-O {[%clk 1:32:40]} a5
{[%clk 1:30:22]} 12. g4 {[%clk 1:32:37]} g5 {[%clk 1:29:50]} 13. Bg3 {[%clk
1:32:26]} Bxg3 {[%clk 1:27:37]} 14. hxg3 {[%clk 1:32:46]} Nxg4 {[%clk 1:25:33]}
15. e4 {[%clk 1:09:17]} dxe4 {[%clk 1:23:07]} 16. Nxe4 {[%clk 1:09:20]} Ndf6
{[%clk 1:20:46]} 17. Rde1 {[%clk 1:04:09]} Be6 {[%clk 1:14:06]} 18. Ne5 {[%clk
0:48:32]} Nxe4 {[%clk 0:56:39]} 19. Bxe4 {[%clk 0:48:32]} Qxd4 {[%clk 0:49:24]}
20. Nxg4 {[%clk 0:45:48]} Bxg4 {[%clk 0:49:20]} 21. f3 {[%clk 0:41:30]} Be6
{[%clk 0:40:26]} 22. Rxh6 {[%clk 0:39:01]} Bf5 {[%clk 0:40:26]} 23. Rhh1 {[%clk
0:39:01]} Bxe4 {[%clk 0:33:44]} 24. fxe4 {[%clk 0:37:24]} Re5 {[%clk 0:33:40]}
25. Qh2 {[%clk 0:36:40]} Rc5+ {[%clk 0:32:08]} 26. Kb1 {[%clk 0:36:39]} Rd8
{[%clk 0:31:06]} 27. e5 {[%clk 0:35:22]} Qd3+ {[%clk 0:08:57]} 28. Ka1 {[%clk
0:35:40]} Kf8 {[%clk 0:06:49]} 29. Qh8+ {[%clk 0:35:54]} Ke7 {[%clk 0:07:15]} 30.
Qf6+ {[%clk 0:36:05]} Kd7 {[%clk 0:07:29]} 31. Rd1 {[%clk 0:36:28]} Kc7 {[%clk
0:07:35]} 32. Rxd3 {[%clk 0:36:28]} Rxd3 {[%clk 0:07:35]} 33. Qxf7+ {[%clk
0:36:25]} Rd7 {[%clk 0:08:32]} 34. Qf6 {[%clk 0:36:23]} Rcd5 {[%clk 0:08:10]} 35.
a3 {[%clk 0:36:26]} b5 {[%clk 0:07:41]} 36. e6 {[%clk 0:35:14]} R5d6 {[%clk
0:07:44]} 37. Rf1 {[%clk 0:33:05]} Rh7 {[%clk 0:07:43]} 38. Qf7+ {[%clk 0:33:02]}
Rxf7 {[%clk 0:08:10]} 39. exf7 {[%clk 0:33:28]} Rd8 {[%clk 0:08:29]} 40. f8Q
{[%clk 1:03:49]} Rxf8 {[%clk 0:38:56]} 41. Rxf8 {[%clk 1:04:14]} Kd6 {[%clk
0:39:23]} 42. Rg8 {[%clk 1:04:34]} c5 {[%clk 0:39:29]} 43. Rxg5 {[%clk 1:04:58]}
b4 {[%clk 0:39:56]} 44. axb4 {[%clk 1:05:10]} axb4 {[%clk 0:40:23]} 45. Kb1
{[%clk 1:05:24]} c4 {[%clk 0:40:51]} 46. Kc2 {[%clk 1:05:40]} c3 {[%clk 0:41:18]}
47. bxc3 {[%clk 1:06:04]} bxc3 {[%clk 0:41:46]} 48. Kxc3 {[%clk 1:06:27]} Ke6
{[%clk 0:42:14]} 49. Kd4 {[%clk 1:06:50]} Kf6 {[%clk 0:42:41]} 50. Re5 {[%clk
1:07:06]} Kg6 {[%clk 0:43:07]} 51. Kd5 {[%clk 1:07:31]} Kf6 {[%clk 0:43:33]} 52.
Kd6 {[%clk 1:07:54]} Kg6 {[%clk 0:44:01]} 53. Ke6 {[%clk 1:08:19]} Kg7 {[%clk
0:44:29]} 54. g4 {[%clk 1:08:41]} Kf8 {[%clk 0:44:55]} 55. Kf6 {[%clk 1:09:07]}
Kg8 {[%clk 0:45:22]} 56. Re7 {[%clk 1:09:29]} Kf8 {[%clk 0:45:50]} 57. g5 {[%clk
1:09:45]} Kg8 {[%clk 0:46:18]} 58. g6 {[%clk 1:10:00]} Kf8 {[%clk 0:46:44]} 59.
g7+ {[%clk 1:10:26]} Kg8 {[%clk 0:47:10]} 60. Re8+ {[%clk 1:10:51]} 1-0

[Event "46th Greek Team Championship"]
[Site "chess24.com"]
[Date "2018.07.12"]
[Round "4"]
[White "Kartsidima, Angeliki"]
[Black "Soukarie, Zorz"]
[Result "0-1"]
[Board "10"]
[WhiteElo "1317"]
[WhiteCountry "GRE"]
[WhiteFideId "25818031"]
[WhiteEloChange "-11"]
[BlackElo "1295"]
[BlackCountry "GRE"]
[BlackFideId "25857959"]
[BlackEloChange "11"]

1. d4 {[%clk 1:30:50]} Nf6 {[%clk 1:30:55]} 2. Nf3 {[%clk 1:29:05]} e6 {[%clk
1:31:19]} 3. Nbd2 {[%clk 1:28:46]} c5 {[%clk 1:31:37]} 4. e3 {[%clk 1:27:38]} b6
{[%clk 1:32:00]} 5. Bd3 {[%clk 1:26:53]} Bb7 {[%clk 1:32:22]} 6. O-O {[%clk
1:26:22]} cxd4 {[%clk 1:32:45]} 7. exd4 {[%clk 1:25:22]} Be7 {[%clk 1:32:55]} 8.
c4 {[%clk 1:23:59]} d6 {[%clk 1:33:03]} 9. b4 {[%clk 1:20:48]} Nbd7 {[%clk
1:33:06]} 10. a3 {[%clk 1:18:43]} O-O {[%clk 1:33:21]} 11. Bb2 {[%clk 1:17:37]}
Qc7 {[%clk 1:31:38]} 12. Rc1 {[%clk 1:16:42]} Rac8 {[%clk 1:31:01]} 13. Qb3
{[%clk 1:15:54]} Qb8 {[%clk 1:19:50]} 14. Rfd1 {[%clk 1:13:50]} Rfe8 {[%clk
1:13:41]} 15. a4 {[%clk 1:08:31]} Nf8 {[%clk 0:59:54]} 16. Rc2 {[%clk 1:04:42]}
Rc7 {[%clk 0:50:35]} 17. Rdc1 {[%clk 1:01:47]} Rec8 {[%clk 0:50:59]} 18. Ba3
{[%clk 0:59:47]} Ng6 {[%clk 0:42:40]} 19. Bf1 {[%clk 0:54:20]} Ne4 {[%clk
0:34:34]} 20. Nxe4 {[%clk 0:51:39]} Bxe4 {[%clk 0:34:57]} 21. Rc3 {[%clk
0:49:25]} Qb7 {[%clk 0:18:31]} 22. b5 {[%clk 0:43:25]} Bxf3 {[%clk 0:15:54]} 23.
Rxf3 {[%clk 0:43:31]} d5 {[%clk 0:15:51]} 24. Bxe7 {[%clk 0:41:00]} Nxe7 {[%clk
0:16:11]} 25. Rfc3 {[%clk 0:39:03]} dxc4 {[%clk 0:11:11]} 26. Rxc4 {[%clk
0:38:00]} Rxc4 {[%clk 0:11:02]} 27. Rxc4 {[%clk 0:37:57]} Rxc4 {[%clk 0:11:18]}
28. Qxc4 {[%clk 0:38:18]} Qc8 {[%clk 0:11:22]} 29. Qb4 {[%clk 0:34:48]} Nd5
{[%clk 0:10:39]} 30. Qd6 {[%clk 0:31:55]} Qc7 {[%clk 0:10:41]} 31. Qa3 {[%clk
0:31:45]} Qe7 {[%clk 0:10:39]} 32. Qc1 {[%clk 0:30:59]} g6 {[%clk 0:09:58]} 33.
Qc8+ {[%clk 0:28:35]} Kg7 {[%clk 0:10:04]} 34. Qc6 {[%clk 0:26:42]} Qb4 {[%clk
0:09:35]} 35. Qc4 {[%clk 0:25:14]} Qxc4 {[%clk 0:09:47]} 36. Bxc4 {[%clk
0:25:34]} Nc3 {[%clk 0:10:12]} 37. Bb3 {[%clk 0:25:36]} Ne2+ {[%clk 0:10:35]} 38.
Kf1 {[%clk 0:25:17]} Nxd4 {[%clk 0:10:59]} 39. Bd1 {[%clk 0:25:28]} Kf6 {[%clk
0:11:17]} 40. f3 {[%clk 0:51:15]} Ke5 {[%clk 0:41:28]} 41. Kf2 {[%clk 0:50:44]}
h5 {[%clk 0:36:59]} 42. Ke3 {[%clk 0:48:34]} Nf5+ {[%clk 0:37:05]} 43. Kd3 {[%clk
0:46:56]} h4 {[%clk 0:37:05]} 44. Bb3 {[%clk 0:40:58]} Kf4 {[%clk 0:36:17]} 45.
Bd1 {[%clk 0:39:27]} Ke5 {[%clk 0:32:45]} 46. Bb3 {[%clk 0:37:51]} g5 {[%clk
0:30:52]} 47. Bd1 {[%clk 0:34:21]} Ne7 {[%clk 0:30:56]} 48. g3 {[%clk 0:33:29]}
hxg3 {[%clk 0:31:20]} 49. hxg3 {[%clk 0:33:45]} Nd5 {[%clk 0:31:29]} 50. Bb3
{[%clk 0:31:01]} f5 {[%clk 0:30:50]} 51. Bc4 {[%clk 0:28:29]} f4 {[%clk 0:27:16]}
52. Bxd5 {[%clk 0:19:16]} exd5 {[%clk 0:27:01]} 53. g4 {[%clk 0:19:34]} d4 {[%clk
0:27:17]} 54. Kc4 {[%clk 0:19:46]} d3 {[%clk 0:27:40]} 55. Kxd3 {[%clk 0:19:55]}
Kd5 {[%clk 0:28:08]} 56. Kc3 {[%clk 0:18:47]} Kc5 {[%clk 0:28:28]} 57. Kd3 {[%clk
0:18:56]} Kb4 {[%clk 0:28:51]} 58. Ke4 {[%clk 0:19:22]} Kxa4 {[%clk 0:29:15]} 59.
Kf5 {[%clk 0:18:12]} Kxb5 {[%clk 0:29:42]} 60. Kxg5 {[%clk 0:18:35]} a5 {[%clk
0:30:04]} 61. Kh6 {[%clk 0:18:33]} a4 {[%clk 0:30:27]} 62. g5 {[%clk 0:18:52]} a3
{[%clk 0:30:53]} 63. g6 {[%clk 0:19:19]} a2 {[%clk 0:31:16]} 64. g7 {[%clk
0:19:38]} a1Q {[%clk 0:31:20]} 65. g8Q {[%clk 0:19:52]} Qh1+ {[%clk 0:31:42]} 66.
Kg7 {[%clk 0:20:11]} Qg2+ {[%clk 0:32:07]} 67. Kf7 {[%clk 0:20:28]} Qxg8+ {[%clk
0:32:30]} 68. Kxg8 {[%clk 0:20:46]} Kc4 {[%clk 0:32:55]} 0-1

[Event "46th Greek Team Championship"]
[Site "chess24.com"]
[Date "2018.07.12"]
[Round "4"]
[White "Kyriakidis, Anastasios P."]
[Black "Apostolidis, Angelos"]
[Result "1-0"]
[Board "9"]
[WhiteElo "1352"]
[WhiteCountry "GRE"]
[WhiteFideId "25801678"]
[WhiteEloChange "4"]
[BlackElo "1117"]
[BlackCountry "GRE"]
[BlackFideId "25814656"]
[BlackEloChange "-4"]

1. d4 {[%clk 1:30:58]} d5 {[%clk 1:30:31]} 2. Bf4 {[%clk 1:31:24]} Bf5 {[%clk
1:30:32]} 3. e3 {[%clk 1:31:27]} e6 {[%clk 1:30:13]} 4. Nf3 {[%clk 1:31:15]} Nf6
{[%clk 1:30:18]} 5. Bd3 {[%clk 1:30:21]} Bg6 {[%clk 1:29:57]} 6. Ne5 {[%clk
1:30:08]} Nbd7 {[%clk 1:28:53]} 7. Nxg6 {[%clk 1:27:13]} hxg6 {[%clk 1:29:08]} 8.
O-O {[%clk 1:27:36]} Nb6 {[%clk 1:27:32]} 9. Nd2 {[%clk 1:27:54]} Bd6 {[%clk
1:27:17]} 10. Bg3 {[%clk 1:20:27]} Bxg3 {[%clk 1:27:00]} 11. hxg3 {[%clk
1:20:53]} O-O {[%clk 1:22:30]} 12. c4 {[%clk 1:14:18]} c6 {[%clk 1:21:19]} 13. c5
{[%clk 1:14:17]} Nbd7 {[%clk 1:21:19]} 14. b4 {[%clk 1:14:12]} e5 {[%clk
1:14:18]} 15. b5 {[%clk 1:13:03]} exd4 {[%clk 1:02:04]} 16. exd4 {[%clk 1:13:22]}
Re8 {[%clk 1:02:02]} 17. Rb1 {[%clk 1:08:34]} Re6 {[%clk 0:58:02]} 18. Qa4 {[%clk
1:04:01]} Qc8 {[%clk 0:54:13]} 19. Rfc1 {[%clk 1:00:20]} Re8 {[%clk 0:49:14]} 20.
bxc6 {[%clk 0:52:42]} bxc6 {[%clk 0:46:14]} 21. Ba6 {[%clk 0:52:33]} Qc7 {[%clk
0:42:28]} 22. Rb7 {[%clk 0:51:51]} Qc8 {[%clk 0:42:44]} 23. Rcb1 {[%clk 0:46:46]}
Qd8 {[%clk 0:37:13]} 24. Qxc6 {[%clk 0:46:57]} Rb8 {[%clk 0:31:56]} 25. Qa4
{[%clk 0:43:20]} Rxb7 {[%clk 0:31:21]} 26. Bxb7 {[%clk 0:43:43]} Qc7 {[%clk
0:30:29]} 27. Qxa7 {[%clk 0:43:30]} Rb8 {[%clk 0:30:04]} 28. c6 {[%clk 0:43:41]}
Nf8 {[%clk 0:29:48]} 29. Qb6 {[%clk 0:42:55]} Ne8 {[%clk 0:28:39]} 30. Qxc7
{[%clk 0:42:42]} Nxc7 {[%clk 0:29:01]} 31. a4 {[%clk 0:43:10]} Nfe6 {[%clk
0:28:12]} 32. Nf3 {[%clk 0:34:01]} Nd8 {[%clk 0:27:22]} 33. Ne5 {[%clk 0:34:24]}
Nxb7 {[%clk 0:27:01]} 34. Rxb7 {[%clk 0:34:46]} Rxb7 {[%clk 0:27:16]} 35. cxb7
{[%clk 0:35:10]} Na6 {[%clk 0:27:07]} 36. Nc6 {[%clk 0:35:38]} Kf8 {[%clk
0:27:11]} 37. b8Q+ {[%clk 0:35:52]} Nxb8 {[%clk 0:25:10]} 38. Nxb8 {[%clk
0:36:15]} Ke7 {[%clk 0:25:25]} 39. Kf1 {[%clk 0:36:24]} Kd6 {[%clk 0:25:24]} 40.
Ke2 {[%clk 1:06:43]} Kc7 {[%clk 0:54:46]} 41. Na6+ {[%clk 1:07:08]} Kb6 {[%clk
0:54:29]} 42. Nb4 {[%clk 1:07:33]} Ka5 {[%clk 0:54:14]} 43. Nxd5 {[%clk 1:07:57]}
Kxa4 {[%clk 0:53:47]} 44. Ke3 {[%clk 1:08:09]} Kb5 {[%clk 0:54:00]} 45. Ke4
{[%clk 1:08:28]} Kc6 {[%clk 0:54:09]} 46. Ke5 {[%clk 1:08:19]} Kd7 {[%clk
0:53:57]} 47. Nb6+ {[%clk 1:08:39]} Ke7 {[%clk 0:52:12]} 48. d5 {[%clk 1:08:59]}
Kd8 {[%clk 0:52:16]} 49. d6 {[%clk 1:09:04]} Ke8 {[%clk 0:52:32]} 50. d7+ {[%clk
1:09:05]} Ke7 {[%clk 0:52:02]} 51. Kd5 {[%clk 1:09:16]} g5 {[%clk 0:51:26]} 52.
Kc6 {[%clk 1:09:30]} Kd8 {[%clk 0:50:56]} 53. g4 {[%clk 1:09:34]} g6 {[%clk
0:50:34]} 54. g3 {[%clk 1:09:33]} f6 {[%clk 0:50:25]} 55. f4 {[%clk 1:09:40]} f5
{[%clk 0:49:17]} 56. gxf5 {[%clk 1:09:59]} gxf4 {[%clk 0:49:07]} 57. gxf4 {[%clk
1:10:23]} gxf5 {[%clk 0:49:21]} 58. Nc4 {[%clk 1:10:40]} Ke7 {[%clk 0:49:33]} 59.
Kc7 {[%clk 1:11:01]} Kf6 {[%clk 0:49:50]} 60. d8Q+ {[%clk 1:11:23]} Kg6 {[%clk
0:49:42]} 61. Qg5+ {[%clk 1:11:41]} Kf7 {[%clk 0:48:22]} 62. Kd7 {[%clk 1:11:31]}
Kf8 {[%clk 0:48:37]} 63. Qe7+ {[%clk 1:11:48]} Kg8 {[%clk 0:48:32]} 64. Ke6
{[%clk 1:12:10]} Kh8 {[%clk 0:48:41]} 65. Kf6 {[%clk 1:12:35]} Kg8 {[%clk
0:48:33]} 66. Qg7# {[%clk 1:13:04]} 1-0